Państwa - Nagła Śmierć - Statystyki

Ogólne statystyki
  • Ten quiz został rozwiązany 387 razy
  • Średni wynik to 8 z 11
Answers on the Grid
Answers color-coded by a green-red scale on the quiz's grid according to % correct below.
Rosja
Izrael
Liban
Korea Północna
Tajwan
Kuwejt
Watykan
Republika Zielonego Przylądka
Nepal
Afganistan
Kosowo
Palestyna
Wyspy Cooka
Anguilla
Brytyjskie Wyspy Dziewicze
Szkocja
Śląsk
Falklandy
Wyspy Owcze
Kurdystan
Krym
 
Statystyki odpowiedzi
Odpowiedź % Poprawnych
Afganistan
79%
Rosja
79%
Izrael
75%
Korea Północna
74%
Watykan
74%
Kuwejt
73%
Nepal
72%
Liban
71%
Kosowo
69%
Republika Zielonego Przylądka
67%
Tajwan
66%
Nie znaleziono quizów pasujących do podanych kryteriów
Rozkład punktacji
Procent ludzi z każdym wynikiem
Percentyl według liczby udzielonych odpowiedzi
Twoja historia wyników
Nie rozwiązałeś tego quizu